[Event "Caplin British Online"]
[Site "chess.com INT"]
[Date "2020.12.21"]
[Round "1.1"]
[White "Cox, Tristan A"]
[Black "Adams, Michael"]
[Result "0-1"]
[BlackTitle "GM"]
[WhiteElo "2141"]
[BlackElo "2716"]
[WhiteFideId "410772"]
[BlackFideId "400041"]
[EventDate "2020.12.21"]

1. d4 d5 2. c4 c6 3. cxd5 cxd5 4. Bf4 Nc6 5. e3 Nf6 6. Nc3 Bf5 7. Qb3 Na5 8.
Qa4+ Bd7 9. Qd1 e6 10. Nf3 Bb4 11. Bd3 Nc4 12. Qe2 Rc8 13. Rc1 Ne4 14. Bxe4 dxe4
15. Ng5 f5 16. h4 b5 17. O-O O-O 18. b3 Na3 19. Qb2 h6 20. Nh3 Qxh4 21. d5 Qf6
22. Nd1 Rxc1 23. Qxc1 Rc8 0-1

[Event "Caplin British Online"]
[Site "chess.com INT"]
[Date "2020.12.21"]
[Round "1.5"]
[White "Rathbone-Jones, Ifan"]
[Black "Fernandez, Daniel Howard"]
[Result "0-1"]
[BlackTitle "GM"]
[WhiteElo "1941"]
[BlackElo "2466"]
[WhiteFideId "1803859"]
[BlackFideId "5801605"]
[EventDate "2020.12.21"]

1. d4 Nf6 2. Bf4 e6 3. Nf3 Be7 4. e3 Nh5 5. Bg3 g6 6. Nbd2 d6 7. Rc1 Nd7 8. c4
O-O 9. Bd3 c5 10. Ne4 f5 11. Bxd6 fxe4 12. Bxe7 Qxe7 13. Bxe4 Nhf6 14. Bb1 cxd4
15. Qxd4 Qb4+ 16. Ke2 b6 17. a3 Qc5 18. Qh4 Bb7 19. Ng5 Qe5 20. Rc3 Nc5 21. Qh6
Qc7 22. f3 Rad8 23. b4 Qd7 24. Rhc1 Nb3 25. R1c2 Qd1+ 26. Kf2 Ng4+ 0-1

[Event "Caplin British Online"]
[Site "chess.com INT"]
[Date "2020.12.21"]
[Round "1.6"]
[White "Hebden, Mark L"]
[Black "Balaji, Aaravamudhan"]
[Result "1-0"]
[WhiteTitle "GM"]
[BlackTitle "CM"]
[WhiteElo "2453"]
[BlackElo "2206"]
[WhiteFideId "400084"]
[BlackFideId "436224"]
[EventDate "2020.12.21"]

1. d4 Nf6 2. Bf4 d5 3. e3 g6 4. Nc3 Bg7 5. h4 h5 6. Nf3 O-O 7. Be2 c5 8. dxc5
Qa5 9. O-O Qxc5 10. Nb5 Nc6 11. c3 a5 12. a4 Bg4 13. Ne5 Nxe5 14. Bxe5 Bxe2 15.
Qxe2 Ne4 16. Bd4 Qc6 17. Bxg7 Kxg7 18. Rfd1 Rfd8 19. f3 Nc5 20. Nd4 Qf6 21. Qf2
e5 22. Nb5 Qc6 23. Qe2 Nb3 24. Rab1 Qc4 25. Qxc4 dxc4 26. Nd6 Nc5 27. Nxc4 Nxa4
28. Rxd8 Rxd8 29. Nxa5 Rd2 30. Nc4 Rc2 31. Nxe5 Nxb2 32. e4 b5 33. Kh2 Nc4 34.
Rxb5 Nxe5 35. Rxe5 Rxc3 36. Re8 Rc2 37. Kh3 Rc3 38. Kg3 Rc2 39. e5 Rb2 40. Re7
Kf8 41. Rd7 Re2 42. f4 Rb2 43. Rd3 Ke7 44. Ra3 Rc2 45. Kf3 Rb2 46. g3 Rb4 47. g4
hxg4+ 48. Kxg4 Rb2 49. h5 gxh5+ 50. Kxh5 Rg2 51. Ra7+ Ke6 52. Ra6+ Ke7 53. f5
Rh2+ 54. Kg4 Rg2+ 55. Kf3 Rg1 56. Ra7+ Ke8 57. f6 Re1 58. Kf4 Rf1+ 59. Ke3 Re1+
60. Kd4 Rd1+ 61. Kc3 Re1 62. Re7+ Kf8 63. Kd4 Rd1+ 64. Kc5 Rc1+ 65. Kd6 Rd1+ 66.
Kc6 Rc1+ 67. Kd7 Rd1+ 68. Kc8 Re1 69. Kd8 Rd1+ 70. Rd7 Re1 71. Rd5 Re2 72. Kd7
Re1 73. Rb5 Rd1+ 74. Kc6 Rc1+ 75. Kd5 Rd1+ 76. Ke4 Re1+ 77. Kf4 Rf1+ 78. Ke3 Kg8
79. Rb4 Re1+ 80. Kf4 Kh7 81. Kf5 Rf1+ 82. Rf4 Re1 83. Rg4 Rf1+ 84. Ke4 Re1+ 85.
Kd5 Rd1+ 86. Kc6 Rc1+ 87. Kd6 Kh6 88. e6 fxe6 89. f7 Rf1 90. Ke7 e5 91. f8=Q+
Rxf8 92. Kxf8 1-0

[Event "Caplin British Online"]
[Site "chess.com INT"]
[Date "2020.12.21"]
[Round "1.7"]
[White "Varney, Zoe"]
[Black "Wadsworth, Matthew J"]
[Result "0-1"]
[BlackTitle "IM"]
[WhiteElo "1917"]
[BlackElo "2416"]
[WhiteFideId "436135"]
[BlackFideId "415804"]
[EventDate "2020.12.21"]

1. e4 c5 2. Nf3 e6 3. c3 d5 4. exd5 Qxd5 5. d4 Nf6 6. Na3 cxd4 7. Nb5 Na6 8.
Qxd4 Bc5 9. Qxd5 Nxd5 10. Bc4 Nb6 11. Bd3 O-O 12. b4 Be7 13. Be3 Nd5 14. Bd4 Bd7
15. a4 Nac7 16. O-O Nxb5 17. axb5 Nf4 18. Ne5 Nxd3 19. Nxd7 Rfd8 20. Ne5 Nxe5
21. Bxe5 Rd5 22. Bd4 Rxb5 23. Rxa7 Rxa7 24. Bxa7 Kf8 25. Rd1 Ke8 26. Kf1 g5 27.
Ke2 g4 28. Rd4 h5 29. Rd3 Re5+ 30. Re3 Rf5 31. h3 Bd6 32. hxg4 hxg4 33. g3 Kd7
34. Re4 Rf3 35. Bd4 f5 36. Re3 e5 37. Ba7 Rxe3+ 38. Kxe3 Kc6 39. Kd3 b6 40. Kc4
Kb7 41. Kd5 Bc7 42. Bxb6 Kxb6 43. Ke6 f4 44. Kf5 fxg3 45. fxg3 Kb5 46. Kxg4 Kc4
47. Kf5 Kd3 48. g4 e4 49. g5 e3 50. g6 Be5 51. Kxe5 e2 52. g7 e1=Q+ 53. Kf6 Qe8
54. b5 Kc4 55. b6 Kc5 56. b7 Kc6 57. b8=Q Qxb8 58. Kf7 Qf4+ 59. Kg6 Qg4+ 60. Kf7
Qf5+ 61. Kg8 Kd7 62. c4 Ke7 63. c5 Kf6 0-1

[Event "Caplin British Online"]
[Site "chess.com INT"]
[Date "2020.12.21"]
[Round "1.10"]
[White "Grieve, Harry"]
[Black "Goss, Alex"]
[Result "1/2-1/2"]
[WhiteTitle "FM"]
[WhiteElo "2351"]
[BlackElo "1833"]
[WhiteFideId "426520"]
[BlackFideId "2509407"]
[EventDate "2020.12.21"]

1. d4 e6 2. Nf3 d5 3. Bg5 Be7 4. Bxe7 Nxe7 5. Nbd2 c5 6. e3 O-O 7. c3 b6 8. Bd3
h6 9. Qe2 Nbc6 10. O-O Qc7 11. Rac1 c4 12. Bc2 e5 13. Nxe5 Nxe5 14. dxe5 Qxe5
15. e4 b5 16. Nf3 Qh5 17. Rcd1 Bg4 18. h3 Bxf3 19. Qxf3 Qxf3 20. gxf3 dxe4 21.
Rd7 Ng6 22. Bxe4 Rad8 23. Rfd1 Rxd7 24. Rxd7 Nf4 25. Kh2 f5 26. Bc2 Rf7 27. Rd4
g5 28. h4 Kg7 29. a4 a6 30. Rd6 Rf6 31. Rd7+ Rf7 32. Rxf7+ Kxf7 33. hxg5 hxg5
34. axb5 axb5 35. Bxf5 Nd3 36. Bd7 Nxb2 37. Bxb5 Kf6 38. Kg3 Nd1 39. Bxc4 Nxc3
40. f4 gxf4+ 41. Kxf4 Na4 42. Ke4 Nc3+ 43. Kd4 Nd1 44. f3 Kf5 45. Be2 Nf2 46.
Ke3 Nh3 47. Ba6 Ng5 48. Bc8+ Kf6 49. f4 Nf7 50. Bh3 Nh8 51. Ke4 Ng6 52. f5 Ne7
53. Bg4 Nxf5 1/2-1/2

[Event "Caplin British Online"]
[Site "chess.com INT"]
[Date "2020.12.21"]
[Round "1.12"]
[White "Claridge-Hansen, William"]
[Black "Stubbs, Oliver"]
[Result "1-0"]
[WhiteTitle "FM"]
[WhiteElo "2290"]
[BlackElo "1905"]
[WhiteFideId "422509"]
[BlackFideId "441325"]
[EventDate "2020.12.21"]

1. c4 Nf6 2. g3 g6 3. Bg2 d5 4. cxd5 Nxd5 5. Nc3 Nb6 6. d3 Bg7 7. Be3 Nc6 8. Rc1
Nd4 9. h4 h6 10. Nf3 Nxf3+ 11. Bxf3 c6 12. Qd2 Be6 13. O-O Nd5 14. Nxd5 Bxd5 15.
Bxd5 Qxd5 16. b4 h5 17. Rc5 Qe6 18. Rfc1 a6 19. R1c4 O-O 20. Re4 Qd7 21. Bh6
Rfd8 22. Rxh5 f5 23. Bxg7 fxe4 24. Bb2 Rf8 25. Qh6 Kf7 26. Qg7+ Ke8 27. Qxg6+
Kd8 28. Qxe4 Kc7 29. Be5+ Kc8 30. Rh7 Qe6 31. f4 a5 32. f5 Qxa2 33. Rxe7 Qb1+
34. Kh2 Qxb4 35. Rc7+ Kd8 36. d4 a4 37. Qf4 Ke8 38. Bd6 1-0

[Event "Caplin British Online"]
[Site "chess.com INT"]
[Date "2020.12.21"]
[Round "1.13"]
[White "Arora, Tashika"]
[Black "Toma, Katarzyna"]
[Result "0-1"]
[BlackTitle "WGM"]
[WhiteElo "1744"]
[BlackElo "2289"]
[WhiteFideId "459305"]
[BlackFideId "1119907"]
[EventDate "2020.12.21"]

1. d4 Nf6 2. c4 g6 3. Nc3 d5 4. Nf3 Bg7 5. h4 c6 6. cxd5 cxd5 7. Bf4 Nc6 8. e3
Bg4 9. Be2 O-O 10. O-O Rc8 11. Rc1 a6 12. Na4 Ne4 13. Nc5 Qb6 14. Qb3 Qxb3 15.
Nxb3 Bf6 16. Rfe1 e6 17. Ng5 Bxe2 18. Rxe2 Nb4 19. Nxe4 dxe4 20. Bg3 Rxc1+ 21.
Nxc1 Rc8 22. Re1 Rc2 23. Rd1 Rxb2 24. Nb3 Nxa2 25. Nc5 Nc3 26. Ra1 Be7 27. Kf1
Bxc5 28. dxc5 Rc2 29. Bd6 f5 30. g3 Kf7 31. Ke1 Nb5 32. Rd1 Ke8 33. Kf1 Nc3 34.
Rd4 Nd5 35. Rd1 Kd7 36. Bf8 Kc6 37. Rb1 Ra2 38. Ke1 a5 39. Bg7 a4 40. Bd4 Rc2
41. Kf1 a3 42. Ra1 a2 43. Ke1 e5 44. Bxe5 Kxc5 45. Bd4+ Kc4 46. Rd1 Nc3 47. Ra1
b5 48. Be5 b4 49. Bxc3 Kxc3 50. Rd1 b3 51. Kf1 b2 52. Rd8 b1=Q+ 53. Kg2 a1=Q 54.
Rc8+ Kd2 55. Rxc2+ Kxc2 56. g4 Qh1+ 57. Kg3 Qf3+ 58. Kh2 Qah1# 0-1

[Event "Caplin British Online"]
[Site "chess.com INT"]
[Date "2020.12.21"]
[Round "1.14"]
[White "Tanmay, Chopra"]
[Black "Idle, Oscar"]
[Result "1-0"]
[WhiteElo "2273"]
[BlackElo "1722"]
[WhiteFideId "25630946"]
[BlackFideId "439347"]
[EventDate "2020.12.21"]

1. d4 d5 2. c4 c6 3. Nc3 Nf6 4. e3 e6 5. Nf3 Nbd7 6. b3 Bb4 7. Bd2 O-O 8. Bd3
Qe7 9. cxd5 exd5 10. O-O Re8 11. Qc2 Bxc3 12. Bxc3 Ne4 13. Bb2 Ndf6 14. Ne5 a5
15. a3 Be6 16. Rae1 Nd6 17. f3 h6 18. e4 a4 19. b4 dxe4 20. fxe4 Bb3 21. Qc1
Rac8 22. Qf4 Nd7 23. Nf3 Nc4 24. Bc1 b6 25. e5 Nf8 26. Qg3 Kh8 27. Re4 Ng6 28.
Nh4 Rcd8 29. Nxg6+ fxg6 30. Qxg6 Rf8 31. Ref4 1-0

[Event "Caplin British Online"]
[Site "chess.com INT"]
[Date "2020.12.21"]
[Round "1.15"]
[White "Volovich, Julia"]
[Black "Toczek, Grzegorz"]
[Result "0-1"]
[BlackTitle "FM"]
[WhiteElo "1674"]
[BlackElo "2271"]
[WhiteFideId "447099"]
[BlackFideId "1106457"]
[EventDate "2020.12.21"]

1. d4 Nf6 2. c4 d6 3. Nf3 g6 4. Nc3 Bf5 5. Bg5 Bg7 6. Qc1 h6 7. Bd2 Na6 8. a3 c5
9. d5 Rb8 10. Nh4 Bd7 11. e4 Nc7 12. Rb1 e6 13. Nf3 exd5 14. exd5 Bf5 15. Ra1 g5
16. Be2 O-O 17. O-O a6 18. a4 Re8 19. a5 Nh7 20. Qd1 Qf6 21. Ne1 Qg6 22. Bg4
Bxg4 23. Qxg4 Re7 24. Qd1 b5 25. axb6 Rxb6 26. Na4 Rb7 27. Rb1 Qe4 28. b3 Ne8
29. Nc2 Be5 30. Bc3 Qh4 31. g3 Qh3 32. Bxe5 Rxe5 33. Re1 Rbe7 34. Qd2 g4 35.
Rxe5 Rxe5 36. Re1 Ng5 0-1

[Event "Caplin British Online"]
[Site "chess.com INT"]
[Date "2020.12.21"]
[Round "1.16"]
[White "Blackburn, Jonathan L B"]
[Black "Shearsby, Jude"]
[Result "1-0"]
[WhiteTitle "FM"]
[WhiteElo "2235"]
[BlackElo "1673"]
[WhiteFideId "1801090"]
[BlackFideId "462527"]
[EventDate "2020.12.21"]

1. d4 Nc6 2. Nf3 d6 3. g3 Nf6 4. Bg2 g6 5. O-O Bg7 6. c4 O-O 7. d5 Nb8 8. Nd4
Nbd7 9. b3 a5 10. Bb2 Nc5 11. Nc3 e5 12. dxe6 fxe6 13. a3 e5 14. Ndb5 Ne8 15. b4
Na6 16. c5 Kh8 17. Qd2 Qe7 18. cxd6 cxd6 19. Nd5 Qe6 20. Nb6 Rb8 21. bxa5 Nc5
22. Rad1 Rf6 23. Qb4 g5 24. Qc4 Qf5 25. Nxd6 Nxd6 26. Qxc5 Nf7 27. Qc7 Rxb6 28.
axb6 Ra8 29. Bxb7 Bxb7 30. Qxb7 Rf8 31. Qc7 Qh3 32. Qd7 Qh6 33. b7 Kg8 34. Qc7
g4 35. Rd7 Ng5 36. Rxg7+ Kh8 37. Rxg5 Qxg5 38. Qxe5+ Qxe5 39. Bxe5+ Kg8 40. b8=Q
Rxb8 41. Bxb8 1-0

[Event "Caplin British Online"]
[Site "chess.com INT"]
[Date "2020.12.21"]
[Round "1.17"]
[White "Oh, Julie"]
[Black "Shafi, Declan"]
[Result "0-1"]
[WhiteElo "1168"]
[BlackElo "2166"]
[WhiteFideId "479799"]
[BlackFideId "2405156"]
[EventDate "2020.12.21"]

1. e4 e6 2. Nc3 d5 3. d4 Bb4 4. e5 c5 5. a3 Bxc3+ 6. bxc3 Qa5 7. Bd2 Qa4 8. Nf3
Ne7 9. Bd3 b6 10. O-O Ba6 11. Bxa6 Qxa6 12. Qe1 Nbc6 13. Be3 c4 14. Nh4 O-O-O
15. a4 Rdg8 16. f4 Nf5 17. Nxf5 exf5 18. Qb1 Qa5 19. Qb5 Kc7 20. Qxa5 Nxa5 21.
Rab1 Kd7 22. Bc1 Ke6 23. Ba3 h6 24. Bb4 Nc6 25. Kh1 g5 26. Rbe1 Rg6 27. Ba3 Rhg8
28. g3 g4 29. Kg2 h5 30. Rh1 Rh6 31. Bd6 h4 32. Bb4 Rgh8 33. Rb1 Kd7 34. Bd6 Kc8
35. Rbe1 Kb7 36. Bb4 a5 37. Bd6 Ka6 38. Rb1 hxg3 39. hxg3 Rxh1 40. Rxh1 Rxh1 41.
Kxh1 Na7 42. Kg1 b5 43. axb5+ Nxb5 44. Kf2 a4 45. Ke1 a3 46. Bxa3 Nxa3 47. Kd2
Nb5 48. Ke2 Nxc3+ 49. Ke3 Ne4 50. Ke2 Nxg3+ 51. Kf2 Ne4+ 52. Kg2 Kb5 53. Kf1 c3
54. Ke2 Kc4 55. Ke3 g3 56. e6 g2 57. exf7 g1=Q+ 58. Ke2 Qf2+ 59. Kd1 Qd2# 0-1

[Event "Caplin British Online"]
[Site "chess.com INT"]
[Date "2020.12.22"]
[Round "2.1"]
[White "Adams, Michael"]
[Black "Claridge-Hansen, William"]
[Result "1-0"]
[WhiteTitle "GM"]
[BlackTitle "FM"]
[WhiteElo "2716"]
[BlackElo "2290"]
[WhiteFideId "400041"]
[BlackFideId "422509"]
[EventDate "2020.12.21"]

1. e4 c5 2. Nf3 e6 3. d4 cxd4 4. Nxd4 Nf6 5. Nc3 Nc6 6. Nxc6 bxc6 7. e5 Nd5 8.
Ne4 Qc7 9. f4 Qb6 10. c4 Bb4+ 11. Ke2 f5 12. exf6 Nxf6 13. Be3 Qd8 14. Nd6+ Bxd6
15. Qxd6 Bb7 16. Kd1 c5 17. Bd3 Rc8 18. Bxc5 Be4 19. Ba3 Bxd3 20. Qxd3 Qc7 21.
Rc1 Qxf4 22. Rf1 Qg4+ 23. Qe2 Qxe2+ 24. Kxe2 Kf7 25. b4 d5 26. cxd5 exd5 27. Kd3
Ke6 28. Bb2 Rxc1 29. Rxc1 Rb8 30. Rc6+ Kd7 31. Ra6 Rxb4 32. Rxa7+ Ke6 33. Bd4
Nd7 34. a3 Rc4 35. Ke3 Rc2 36. Ra6+ Kf7 37. Kf3 Rd2 38. Be3 Ra2 39. h3 Ne5+ 40.
Kg3 Nc4 41. Bc5 d4 42. Ra4 Ne3 43. Kf3 Nxg2 44. Rxd4 g5 45. Kg4 Nf4 46. Kf5 Rc2
47. Bb4 Rc7 48. Rd6 Kg7 49. h4 Rf7+ 50. Kxg5 Nh3+ 51. Kh5 Nf2 52. Bc3+ Kf8 53.
Rf6 Ne4 54. Rxf7+ Kxf7 55. Be1 Nc5 56. Kh6 Kg8 57. Bf2 Ne4 58. Bg1 Nc3 59. Bd4
Ne2 60. Be5 Ng1 61. a4 Nf3 62. Bf6 Kf7 63. a5 Nh2 64. Bc3 Ng4+ 65. Kxh7 Ne3 66.
a6 Nd5 67. a7 Nc7 68. Be5 Na8 69. h5 Nb6 70. Bd4 Na8 71. Kh6 Ke6 72. Kg6 1-0

[Event "Caplin British Online"]
[Site "chess.com INT"]
[Date "2020.12.22"]
[Round "2.2"]
[White "Toma, Katarzyna"]
[Black "Turner, Matthew J"]
[Result "0-1"]
[WhiteTitle "WGM"]
[BlackTitle "GM"]
[WhiteElo "2289"]
[BlackElo "2509"]
[WhiteFideId "1119907"]
[BlackFideId "402893"]
[EventDate "2020.12.21"]

1. e4 e5 2. Nf3 Nc6 3. Bb5 a6 4. Ba4 Nf6 5. Qe2 Bd6 6. c3 O-O 7. d3 Re8 8. Nbd2
Bf8 9. Nf1 b5 10. Bb3 Na5 11. Bc2 d5 12. Ng3 Nc6 13. O-O h6 14. h3 Be6 15. Rd1
d4 16. Bb3 g6 17. Bxe6 Rxe6 18. a3 dxc3 19. bxc3 Qe8 20. Be3 Rd8 21. Qc2 Nd7 22.
d4 Na5 23. d5 Rd6 24. Nd2 Nb6 25. a4 Nbc4 26. Bc5 Rf6 27. Bb4 Nxd2 28. Rxd2 Nc4
29. Rdd1 Bxb4 30. cxb4 Qe7 31. Qc3 Qd6 32. axb5 axb5 33. Ra2 Qb6 34. Rda1 Kg7
35. Nf1 c6 36. dxc6 Qxc6 37. f3 Rfd6 38. Qe1 Qb6+ 39. Kh2 R8d7 40. h4 Qd8 41.
Ra8 Qf6 42. Rb8 Qf4+ 43. Kh3 g5 44. Nh2 Rd2 45. Qg3 Ne3 46. Raa8 Qxg3+ 47. Kxg3
Rxg2+ 48. Kh3 Rdd2 49. Rg8+ Kf6 50. Ra6+ Ke7 51. Ra7+ Ke6 52. Re8+ Kf6 53. hxg5+
hxg5 54. Ng4+ Nxg4 55. fxg4 Rge2 56. Ra3 Rxe4 57. Rb8 Rxb4 58. Rf3+ Rf4 0-1

[Event "Caplin British Online"]
[Site "chess.com INT"]
[Date "2020.12.22"]
[Round "2.3"]
[White "Ghasi, Ameet K"]
[Black "Tanmay, Chopra"]
[Result "1-0"]
[WhiteTitle "IM"]
[WhiteElo "2485"]
[BlackElo "2273"]
[WhiteFideId "409200"]
[BlackFideId "25630946"]
[EventDate "2020.12.21"]

1. Nf3 c5 2. g3 Nc6 3. Bg2 g6 4. O-O Bg7 5. c4 e5 6. Nc3 Nge7 7. a3 a5 8. d3 d6
9. Rb1 O-O 10. Bd2 Rb8 11. Qa4 Be6 12. Rfc1 h6 13. e3 Kh8 14. Nb5 Ra8 15. Bc3 d5
16. cxd5 Nxd5 17. Be1 c4 18. dxc4 Nb6 19. Qc2 Bxc4 20. Rd1 Qe7 21. Nd6 Ba6 22.
b4 Nc8 23. Nxf7+ Rxf7 24. b5 Bxb5 25. Rxb5 g5 26. Nd2 Qxa3 27. Bxc6 bxc6 28.
Qxc6 Rfa7 29. Nc4 Ne7 30. Qxa8+ 1-0

[Event "Caplin British Online"]
[Site "chess.com INT"]
[Date "2020.12.22"]
[Round "2.4"]
[White "Fernandez, Daniel Howard"]
[Black "Blackburn, Jonathan L B"]
[Result "1-0"]
[WhiteTitle "GM"]
[BlackTitle "FM"]
[WhiteElo "2466"]
[BlackElo "2235"]
[WhiteFideId "5801605"]
[BlackFideId "1801090"]
[EventDate "2020.12.21"]

1. e4 e6 2. g3 b6 3. Bg2 Bb7 4. Ne2 f5 5. d3 fxe4 6. O-O Nf6 7. Nbc3 Bc5 8. Bg5
h6 9. Bxf6 Qxf6 10. Nxe4 Bxe4 11. Bxe4 d5 12. Bg2 O-O 13. d4 Bd6 14. c4 c6 15.
Rc1 a5 16. f4 Ra7 17. Kh1 Kh8 18. Ng1 dxc4 19. Rxc4 c5 20. dxc5 Bxc5 21. Nf3 Rd7
22. Qe2 Nc6 23. Nh4 Nd4 24. Qh5 Rfd8 25. Ng6+ Kg8 26. Ne5 Rd6 27. a3 Nf5 28. b4
axb4 29. axb4 Bd4 30. Qe2 b5 31. Rc7 Ne3 32. Ng4 Nxg4 33. Qxg4 Bc3 34. Rb7 Bxb4
35. Rxb5 Bc3 36. h4 Rd2 37. Rb6 R2d6 38. Rxd6 Rxd6 39. Rb1 Bb2 40. Qh5 Rd8 41.
Qe2 Bd4 42. Re1 Kf8 43. Qc4 Bf2 44. Rxe6 Rd1+ 45. Bf1 Rxf1+ 46. Kg2 Rc1 47.
Rxf6+ gxf6 48. Qxc1 1-0

[Event "Caplin British Online"]
[Site "chess.com INT"]
[Date "2020.12.22"]
[Round "2.5"]
[White "Toczek, Grzegorz"]
[Black "Hebden, Mark L"]
[Result "1/2-1/2"]
[WhiteTitle "FM"]
[BlackTitle "GM"]
[WhiteElo "2271"]
[BlackElo "2453"]
[WhiteFideId "1106457"]
[BlackFideId "400084"]
[EventDate "2020.12.21"]

1. e4 e5 2. Nf3 Nc6 3. Bb5 a6 4. Ba4 Nf6 5. O-O Be7 6. d3 b5 7. Bb3 d6 8. a3 O-O
9. Nc3 Na5 10. Ba2 c5 11. Bg5 Nc6 12. Bxf6 Bxf6 13. Nd5 Be6 14. c3 g6 15. Ne3
Bg7 16. Bd5 Rc8 17. a4 b4 18. a5 Bxd5 19. Nxd5 f5 20. Nd2 bxc3 21. bxc3 Ne7 22.
Qb3 Kh8 23. Nxe7 Qxe7 24. Qd5 c4 25. Nxc4 Rc5 26. Qxd6 Qxd6 27. Nxd6 Rxc3 28.
Rfd1 Rc6 29. Nc4 fxe4 30. Nd2 exd3 31. Ra3 Rd8 32. Ne4 Bf8 33. Rb3 Rc4 34. f3
Rcd4 35. Rb6 Bb4 36. Rxa6 Rf8 37. Rf6 Rxf6 38. Nxf6 Bxa5 39. Kf1 Kg7 40. Ne4 Kf7
41. Nf2 Ke6 42. Rxd3 Rb4 43. Ne4 Rb1+ 44. Kf2 Be1+ 45. Ke2 Bb4 46. Kf2 h6 47.
Kg3 Rb2 48. Kh3 Be7 49. Rc3 h5 50. Rc6+ Kf7 51. Ra6 Rb5 52. Ra7 Ke6 53. Ra6+ Kf7
54. Kg3 Rb7 55. h4 Rb1 56. Ra7 Ke6 57. Ra6+ Kf7 58. Ng5+ Bxg5 59. hxg5 Rb5 60.
Rf6+ Kg7 61. Ra6 Kf7 62. Rf6+ Kg7 63. Ra6 Kf7 1/2-1/2

[Event "Caplin British Online"]
[Site "chess.com INT"]
[Date "2020.12.22"]
[Round "2.6"]
[White "Wadsworth, Matthew J"]
[Black "Villiers, Thomas"]
[Result "1/2-1/2"]
[WhiteTitle "IM"]
[BlackTitle "CM"]
[WhiteElo "2416"]
[BlackElo "2161"]
[WhiteFideId "415804"]
[BlackFideId "427209"]
[EventDate "2020.12.21"]

1. c4 c5 2. g3 g6 3. Bg2 Bg7 4. Nc3 Nc6 5. Nf3 Nf6 6. d4 cxd4 7. Nxd4 O-O 8. O-O
Nxd4 9. Qxd4 d6 10. Qd3 Nd7 11. b3 Nc5 12. Qd2 Be6 13. Bb2 Qd7 14. Rfd1 Rfc8 15.
Rac1 a5 16. Ba3 Rab8 17. Bxc5 Rxc5 18. Na4 Rh5 19. c5 Bg4 20. cxd6 Bh6 21. f4
Qxd6 22. Qxd6 exd6 23. Bf3 Bxf3 24. exf3 Bf8 25. Nb6 Rc5 26. Nd7 Rxc1 27. Rxc1
Ra8 28. Nf6+ Kg7 29. Nd5 Ra6 30. Rc7 Rc6 31. Rxb7 Rc5 32. Ne3 d5 33. Rd7 Rc1+
34. Kf2 Bc5 35. Ke2 a4 36. bxa4 Ra1 37. Ng4 Rxa2+ 38. Kd3 Ra3+ 39. Kc2 Bd4 40.
Rxd5 Bb6 41. Rb5 Bd8 42. Ne5 Rxa4 43. Rb7 Ra2+ 44. Kd3 Rxh2 45. Rxf7+ Kg8 46.
Rb7 Ba5 47. Ng4 Rd2+ 48. Ke4 Bc3 49. f5 Rb2 50. Rc7 gxf5+ 51. Kxf5 Bg7 52. Ne5
Bxe5 53. Kxe5 Rb3 54. Kf4 Rb5 55. Kg4 Ra5 56. f4 Rb5 57. Kh4 Rb4 58. Kg5 Rb6 59.
g4 Rg6+ 60. Kh5 Kh8 61. f5 Ra6 62. Kg5 Kg8 63. f6 Ra1 64. Rb7 Rf1 65. Rc7 Rf2
66. Rc8+ Kf7 67. Rh8 Rh2 68. Kf5 Rf2+ 69. Kg5 Rh2 70. Rb8 h6+ 71. Kf5 Rf2+ 72.
Ke5 Rxf6 73. Rf8+ Kxf8 74. Kxf6 h5 75. gxh5 Kg8 76. h6 Kh8 77. Kg6 Kg8 78. h7+
Kh8 79. Kh6 1/2-1/2

[Event "Caplin British Online"]
[Site "chess.com INT"]
[Date "2020.12.22"]
[Round "2.7"]
[White "Finn, Peter"]
[Black "Lalic, Bogdan"]
[Result "1/2-1/2"]
[BlackTitle "GM"]
[WhiteElo "1959"]
[BlackElo "2402"]
[WhiteFideId "432156"]
[BlackFideId "409081"]
[EventDate "2020.12.21"]

1. e4 c5 2. Nf3 d6 3. d4 cxd4 4. Nxd4 Nf6 5. f3 Nc6 6. c4 Qb6 7. Nc2 g6 8. Nc3
Bg7 9. Rb1 Ng4 10. Qd2 Bh6 11. f4 e5 12. Nd5 Qd8 13. Qc3 O-O 14. Be2 Bg7 15.
Bxg4 Bxg4 16. Qg3 f5 17. h3 Bh5 18. exf5 exf4 19. Bxf4 Qa5+ 20. Bd2 Qxa2 21. O-O
Rxf5 22. Bc3 Raf8 23. Rfe1 Qb3 1/2-1/2

[Event "Caplin British Online"]
[Site "chess.com INT"]
[Date "2020.12.22"]
[Round "2.8"]
[White "O'Gorman, Tom"]
[Black "Gurner, Jem"]
[Result "1/2-1/2"]
[WhiteTitle "FM"]
[WhiteElo "2368"]
[BlackElo "1800"]
[WhiteFideId "2508249"]
[BlackFideId "67600280"]
[EventDate "2020.12.21"]

1. d4 g6 2. Nf3 Bg7 3. c4 d6 4. Nc3 Nc6 5. g3 e5 6. dxe5 Nxe5 7. Nxe5 Bxe5 8.
Bg2 Ne7 9. Bg5 c6 10. Qd2 O-O 11. Rd1 Be6 12. c5 d5 13. e4 Re8 14. f4 Bg7 15.
O-O Bg4 16. Rb1 dxe4 17. Qxd8 Raxd8 18. h3 Bf3 19. Bxf3 exf3 20. Ne4 Bd4+ 21.
Kh2 h6 22. Bf6 Nd5 23. Bxd8 Rxe4 24. Rxf3 Re2+ 25. Kh1 Bxc5 26. Ba5 f5 27. Bc3
Kf7 28. Rd3 Ke6 29. a3 h5 30. h4 a6 31. Be5 Ne3 32. Bd4 Bxd4 33. Rxd4 Ng4 34.
Rb4 b5 35. Rb3 Nf2+ 36. Kg1 Ne4 37. Rd1 c5 38. a4 b4 39. a5 Rc2 40. Rd8 Rc1+ 41.
Kg2 Rc2+ 42. Kg1 Rc1+ 43. Kg2 Rc2+ 1/2-1/2

[Event "Caplin British Online"]
[Site "chess.com INT"]
[Date "2020.12.22"]
[Round "2.9"]
[White "Shafi, Declan"]
[Black "Grieve, Harry"]
[Result "0-1"]
[BlackTitle "FM"]
[WhiteElo "2166"]
[BlackElo "2351"]
[WhiteFideId "2405156"]
[BlackFideId "426520"]
[EventDate "2020.12.21"]

1. d4 f5 2. Bg5 g6 3. e3 Bg7 4. Nc3 d5 5. h4 c6 6. Bd3 Nh6 7. Qf3 Nf7 8. Qg3 Qb6
9. Nf3 Qxb2 10. Kd2 Nd7 11. Bf4 Rg8 12. Bc7 Qa3 13. Rab1 e6 14. Ng5 Nf6 15. Nxf7
Kxf7 16. Bd6 Qa5 17. Bc7 Qa3 18. Bd6 Qa5 19. Bc7 b6 20. Bd6 Bf8 21. Rb3 Bxd6 22.
Qxd6 b5 23. Qxc6 Bd7 24. Qd6 Rgc8 25. f3 Rc6 26. Qb4 Qc7 27. Nxb5 Qg3 28. Rhb1
a6 29. Nc3 Rac8 30. R1b2 Qxg2+ 31. Be2 f4 32. exf4 Rc4 33. Qb6 Qf2 34. Kd3 e5
35. fxe5 Bf5+ 36. Kd2 Rxd4+ 37. Kc1 Qe3+ 38. Kb1 Qg1+ 0-1

[Event "Caplin British Online"]
[Site "chess.com INT"]
[Date "2020.12.22"]
[Round "2.12"]
[White "Stubbs, Oliver"]
[Black "Cox, Tristan A"]
[Result "0-1"]
[WhiteElo "1905"]
[BlackElo "2141"]
[WhiteFideId "441325"]
[BlackFideId "410772"]
[EventDate "2020.12.21"]

1. d4 d5 2. Bf4 Nf6 3. e3 c5 4. Nf3 Nc6 5. Nbd2 Nh5 6. Be5 f6 7. Bg3 cxd4 8.
exd4 g6 9. c3 Bh6 10. Bb5 O-O 11. O-O Be6 12. Bxc6 bxc6 13. Nb3 Bg4 14. Nc5 e5
15. h3 Bc8 16. Bh2 e4 17. Ne1 f5 18. Qb3 Rf7 19. c4 f4 20. cxd5 cxd5 21. f3 Bg7
22. Nc2 e3 23. Rfe1 a5 24. Rad1 Bf5 25. Qc3 Rc8 26. a3 a4 27. Nb4 Rfc7 28. Nbd3
g5 29. Rc1 Qf6 30. Ne5 Rxc5 31. Nd7 Bxd7 32. dxc5 Qxc3 33. bxc3 Rxc5 34. Red1
Bxc3 35. Rc2 d4 36. Rdc1 Bf5 37. Ra2 d3 38. Kf1 d2 39. Rd1 Bd3+ 40. Kg1 e2 0-1